Targets of deuterides TiD2, ZrD2, NbD, and CrD2 with different structures used in experiments on the study of pd and dd reactions at astrophysical energies; Nuclear Instruments and Methods in Physics Research Section A: Accelerators, Spectrometers, Detectors and Associated Equipment; Vol. 810

Podrobná bibliografie
Parent link:Nuclear Instruments and Methods in Physics Research Section A: Accelerators, Spectrometers, Detectors and Associated Equipment: Scientific Journal
Vol. 810.— 2016.— [P. 80-85]
Korporativní autor: Национальный исследовательский Томский политехнический университет Физико-технический институт Лаборатория № 33 ядерного реактора
Další autoři: Bystritsky V. M. Vyacheslav Mikhaylovich, Dudkin G. N. Gennadiy Nikolaevich, Filipovich M. Marius, Tuleushev Yu. Zh. Yury Zhianshakhovich, Zhakanbaev E. A.
Shrnutí:Title screen
Methods for depositing thin layers of deuterides TiD2, ZrD2, NbD, and CrD2 on stainless steel substrates are described. Magnetron sputtering of nanolayers of the above deuterides with different textures is considered. A technology for making titanium, zirconium, niobium, and chromium deuteride targets is proposed, which will definitely verify the hypothesis of the enhancement of the dd and pd reactions due to the channeling of the deuterons in the crystals of the above deuterides.
Режим доступа: по договору с организацией-держателем ресурса
Jazyk:angličtina
Vydáno: 2016
Témata:
On-line přístup:http://dx.doi.org/10.1016/j.nima.2015.12.006
Médium: MixedMaterials Elektronický zdroj Kapitola
KOHA link:https://koha.lib.tpu.ru/cgi-bin/koha/opac-detail.pl?biblionumber=646422

MARC

LEADER 00000naa0a2200000 4500
001 646422
005 20250121131958.0
035 |a (RuTPU)RU\TPU\network\11558 
090 |a 646422 
100 |a 20160229d2016 k||y0rusy50 ba 
101 0 |a eng 
102 |a NL 
135 |a drcn ---uucaa 
181 0 |a i  
182 0 |a b 
200 1 |a Targets of deuterides TiD2, ZrD2, NbD, and CrD2 with different structures used in experiments on the study of pd and dd reactions at astrophysical energies  |f V. M. Bystritsky [et al.] 
203 |a Text  |c electronic 
300 |a Title screen 
320 |a [References: 18 tit.] 
330 |a Methods for depositing thin layers of deuterides TiD2, ZrD2, NbD, and CrD2 on stainless steel substrates are described. Magnetron sputtering of nanolayers of the above deuterides with different textures is considered. A technology for making titanium, zirconium, niobium, and chromium deuteride targets is proposed, which will definitely verify the hypothesis of the enhancement of the dd and pd reactions due to the channeling of the deuterons in the crystals of the above deuterides. 
333 |a Режим доступа: по договору с организацией-держателем ресурса 
461 |t Nuclear Instruments and Methods in Physics Research Section A: Accelerators, Spectrometers, Detectors and Associated Equipment  |o Scientific Journal 
463 |t Vol. 810  |v [P. 80-85]  |d 2016 
610 1 |a электронный ресурс 
610 1 |a труды учёных ТПУ 
610 1 |a тонкие слои 
610 1 |a магнетронное распыление 
701 1 |a Bystritsky  |b V. M.  |g Vyacheslav Mikhaylovich 
701 1 |a Dudkin  |b G. N.  |c specialist in the field of nuclear physics  |c Senior researcher of Tomsk Polytechnic University, Candidate of physical and mathematical sciences  |f 1944-  |g Gennadiy Nikolaevich  |3 (RuTPU)RU\TPU\pers\34190  |9 17724 
701 1 |a Filipovich  |b M.  |g Marius 
701 1 |a Tuleushev  |b Yu. Zh.  |g Yury Zhianshakhovich 
701 1 |a Zhakanbaev  |b E. A. 
712 0 2 |a Национальный исследовательский Томский политехнический университет  |b Физико-технический институт  |b Лаборатория № 33 ядерного реактора  |3 (RuTPU)RU\TPU\col\19896  |9 27627 
801 2 |a RU  |b 63413507  |c 20160229  |g RCR 
856 4 |u http://dx.doi.org/10.1016/j.nima.2015.12.006 
942 |c CF